[Event "Memorial Romana Baka OPEN FIDE"]
[Site "Starochorzowski Dom Kultury"]
[Date "2013.09.29"]
[Round "3.18"]
[White "Kostowski, Andrzej"]
[Black "Domanski, Lukasz"]
[Result "1-0"]
[WhiteElo "1684"]
[BlackElo "1587"]
[PlyCount "55"]
[EventDate "2013.??.??"]

1. d4 d5 2. c4 c6 3. e3 Nf6 4. Nf3 e6 5. a3 Bd6 6. c5 Bc7 7. Nc3 Nbd7 8. Bd2
O-O 9. b4 e5 10. Be2 Re8 11. O-O Qe7 12. g3 exd4 13. Nxd4 Ne5 14. Nf3 Bh3 15.
Re1 Rad8 16. Qc2 Nfg4 17. Nd4 Qf6 18. f4 Ng6 19. Bf3 h5 20. Bg2 Bxg2 21. Kxg2
h4 22. Qd1 Nxf4+ 23. gxf4 h3+ 24. Kg3 Qg6 25. Qxg4 Qd3 26. Nf3 Re6 27. Rad1 Rg6
28. Ng5 1-0

[Event "Memorial Romana Baka OPEN FIDE"]
[Site "Starochorzowski Dom Kultury"]
[Date "2013.09.29"]
[Round "3.19"]
[White "Nowakowski, Jan"]
[Black "Pasieka, Marcin"]
[Result "0-1"]
[WhiteElo "1675"]
[BlackElo "1514"]
[PlyCount "62"]
[EventDate "2013.??.??"]

1. e4 e5 2. Nf3 Nf6 3. d4 Nxe4 4. Bd3 d5 5. dxe5 Nc5 6. O-O Be7 7. Nc3 c6 8. h3
O-O 9. Ne2 Nbd7 10. c3 Nxd3 11. Qxd3 Nc5 12. Qc2 Ne4 13. Nd2 f5 14. f3 Nxd2 15.
Bxd2 Be6 16. Kh2 Qd7 17. Rae1 g5 18. g3 Rac8 19. Qc1 g4 20. hxg4 fxg4 21. f4 c5
22. Rf2 Bf5 23. Qd1 Rfd8 24. Be3 a5 25. Kg1 a4 26. Rh2 Qb5 27. Nc1 d4 28. cxd4
cxd4 29. Bxd4 Rxd4 30. Qxd4 Bc5 31. Qxc5 Qxc5+ 0-1

[Event "Memorial Romana Baka OPEN FIDE"]
[Site "Starochorzowski Dom Kultury"]
[Date "2013.09.29"]
[Round "3.20"]
[White "Kotula, Magdalena"]
[Black "Mandla, Maciej"]
[Result "0-1"]
[WhiteElo "1563"]
[BlackElo "1673"]
[PlyCount "92"]
[EventDate "2013.??.??"]

1. e4 e5 2. Nf3 Nc6 3. Bb5 Nf6 4. d4 exd4 5. O-O Be7 6. Re1 O-O 7. e5 Nd5 8.
Bc4 Nb6 9. Bb3 a5 10. a3 a4 11. Ba2 d5 12. exd6 Qxd6 13. Nbd2 Qg6 14. Ne4 Bf5
15. Nfg5 Bxg5 16. Nxg5 h6 17. Nxf7 Rxf7 18. Bxf7+ Qxf7 19. Bd2 Rf8 20. f3 Nc4
21. b3 axb3 22. cxb3 Nxd2 23. Qxd2 Qxb3 24. Qa2 Qxa2 25. Rxa2 Rf6 26. Rb2 b6
27. Kf2 Kf7 28. Rb5 Na5 29. Ree5 Bd3 30. Rbd5 c5 31. Rd7+ Kg8 32. Ree7 Rg6 33.
h4 Nc6 34. Re8+ Kh7 35. Rc7 h5 36. Rcc8 Rf6 37. g4 hxg4 38. h5 Kh6 39. Rh8+ Kg5
40. Rc7 Rxf3+ 41. Ke1 Re3+ 42. Kd2 Ne5 43. Rxg7+ Kh4 44. h6 Nc4+ 45. Kd1 Be2+
46. Kc1 Rc3+ 0-1

[Event "Memorial Romana Baka OPEN FIDE"]
[Site "Starochorzowski Dom Kultury"]
[Date "2013.09.29"]
[Round "4.1"]
[White "Kuciel, Wladyslaw"]
[Black "Morkisz, Bogdan"]
[Result "1-0"]
[WhiteElo "1970"]
[BlackElo "2134"]
[PlyCount "61"]
[EventDate "2013.??.??"]

1. d4 e6 2. c4 d5 3. Nf3 c6 4. e3 f5 5. Nc3 Nf6 6. h3 Bd6 7. g4 Ne4 8. gxf5 O-O
9. Bd3 exf5 10. cxd5 cxd5 11. Qb3 Be6 12. Rg1 Nc6 13. Bxe4 fxe4 14. Ng5 Qf6 15.
Ncxe4 dxe4 16. Qxe6+ Qxe6 17. Nxe6 Rf6 18. Ng5 Re8 19. Rg4 Nb4 20. Ke2 Rg6 21.
Nxe4 Rxg4 22. Nxd6 Rxd4 23. Nxe8 Rd8 24. Nc7 Rc8 25. Bd2 Nc2 26. Nd5 Re8 27.
Rg1 Re5 28. Rxg7+ Kxg7 29. Bc3 Kf7 30. Bxe5 Ke6 31. Bc3 1-0

[Event "Memorial Romana Baka OPEN FIDE"]
[Site "Starochorzowski Dom Kultury"]
[Date "2013.09.29"]
[Round "4.2"]
[White "Stachanczyk, Jacek"]
[Black "Banasik, Henryk"]
[Result "1-0"]
[WhiteElo "2227"]
[BlackElo "2011"]
[PlyCount "115"]
[EventDate "2013.??.??"]

1. e4 c5 2. Nf3 a6 3. c3 d5 4. exd5 Qxd5 5. d4 Bg4 6. Be2 cxd4 7. cxd4 Nf6 8.
Nc3 Qa5 9. h3 Bh5 10. Qb3 b5 11. g4 Bg6 12. Ne5 e6 13. Bd2 Qb6 14. Bf3 Ra7 15.
O-O-O Rc7 16. Rhe1 Nbd7 17. h4 b4 18. h5 bxc3 19. Bxc3 Qxb3 20. axb3 Bb4 21.
Nc4 Be7 22. hxg6 hxg6 23. Rh1 Rg8 24. Kc2 Nd5 25. Ra1 Ra7 26. Bxd5 exd5 27. Ne3
Nf6 28. Ra5 Bd8 29. Ra4 Kd7 30. Rha1 Rh8 31. g5 Ne4 32. Rxa6 Rxa6 33. Rxa6 Rh2
34. Nxd5 Rxf2+ 35. Kd3 Nxg5 36. b4 Rf5 37. Ne3 Rb5 38. Ra7+ Bc7 39. Kc4 Rb8 40.
Nd5 Ne6 41. b5 Kc8 42. Ne7+ Kd7 43. Nc6 Rb6 44. d5 Nf4 45. Rxc7+ Kxc7 46. Be5+
Kd7 47. Bxf4 f6 48. Kc5 Rb7 49. b6 g5 50. Bh2 f5 51. Na5 Rxb6 52. Kxb6 g4 53.
Kc5 g5 54. Nc4 Ke7 55. Ne5 Kf6 56. d6 g3 57. Bxg3 f4 58. Bxf4 1-0

[Event "Memorial Romana Baka OPEN FIDE"]
[Site "Starochorzowski Dom Kultury"]
[Date "2013.09.29"]
[Round "4.3"]
[White "Raszka, Janusz"]
[Black "Wojkowski, Mariusz"]
[Result "1-0"]
[WhiteElo "2192"]
[BlackElo "1358"]
[PlyCount "35"]
[EventDate "2013.??.??"]

1. e4 d6 2. d4 Nf6 3. Nc3 g6 4. f4 Bg7 5. Nf3 O-O 6. Bd3 c6 7. a4 Re8 8. O-O e5
9. dxe5 dxe5 10. Nxe5 Rxe5 11. fxe5 Qd4+ 12. Kh1 Ng4 13. Qf3 Nxe5 14. Qg3 Be6
15. Ne2 Qd7 16. Bf4 Ng4 17. Bxb8 Bxb2 18. Rab1 1-0

[Event "Memorial Romana Baka OPEN FIDE"]
[Site "Starochorzowski Dom Kultury"]
[Date "2013.09.29"]
[Round "4.4"]
[White "Rak, Dariusz"]
[Black "Matuszczyk, Krystian"]
[Result "0-1"]
[WhiteElo "1885"]
[BlackElo "2019"]
[PlyCount "64"]
[EventDate "2013.??.??"]

1. d4 c5 2. d5 e6 3. c4 exd5 4. cxd5 d6 5. Nc3 g6 6. e4 Bg7 7. Qa4+ Bd7 8. Bb5
a6 9. Bxd7+ Nxd7 10. Nf3 Ngf6 11. Bf4 O-O 12. Bxd6 Re8 13. e5 b5 14. Qh4 b4 15.
Na4 Qa5 16. O-O Qxa4 17. exf6 Bxf6 18. Ng5 h5 19. f4 b3 20. axb3 Qd4+ 21. Kh1
Qxd5 22. Rad1 Qf5 23. b4 Re2 24. bxc5 Nxc5 25. Bxc5 Qxc5 26. Rc1 Qd5 27. Qg3
Rae8 28. Rc7 R8e3 29. Nf3 Rxb2 30. h3 Ree2 31. Rg1 Kg7 32. Nh4 Bxh4 0-1

[Event "Memorial Romana Baka OPEN FIDE"]
[Site "Starochorzowski Dom Kultury"]
[Date "2013.09.29"]
[Round "4.5"]
[White "Blasiak, Miroslaw"]
[Black "Zawierucha, Aleksander"]
[Result "0-1"]
[WhiteElo "1870"]
[BlackElo "2008"]
[PlyCount "152"]
[EventDate "2013.??.??"]

1. e4 e6 2. d4 d5 3. Nc3 Bb4 4. e5 c5 5. a3 Ba5 6. b4 cxd4 7. Qg4 Ne7 8. bxa5
dxc3 9. Qxg7 Rg8 10. Qxh7 Nbc6 11. f4 Qxa5 12. Qd3 Bd7 13. Rb1 b6 14. Ne2 d4
15. Nxd4 Nxd4 16. Qxd4 Rd8 17. Rg1 Ba4 18. Qxa4+ Qxa4 19. Bb5+ Qxb5 20. Rxb5
Nf5 21. Rb3 Rc8 22. Rb4 b5 23. g4 a5 24. Rb1 Rd8 25. Kf2 Nd4 26. Be3 Ke7 27. h4
Nxc2 28. Rxb5 Nxe3 29. Kxe3 c2 30. Rc1 Rxg4 31. Rxc2 Rxh4 32. Rc7+ Kf8 33. Rxa5
Rh3+ 34. Ke2 Rd4 35. Rc8+ Kg7 36. Raa8 Re4+ 37. Kf2 Rxf4+ 38. Kg2 Rh7 39. Kg3
Re4 40. Rg8+ Kh6 41. Ra5 Rg7+ 42. Rxg7 Kxg7 43. Kf3 Re1 44. Kf4 Kg6 45. Ra8 Rc1
46. Rg8+ Kh6 47. Rh8+ Kg7 48. Ra8 Rc4+ 49. Ke3 Kg6 50. Ra7 Kf5 51. Rxf7+ Kxe5
52. Ra7 Rc3+ 53. Kd2 Rh3 54. Ra5+ Kf4 55. Ra8 e5 56. a4 Ra3 57. a5 Ra2+ 58. Ke1
e4 59. a6 Ke3 60. Kf1 Ra1+ 61. Kg2 Ke2 62. a7 e3 63. Kg3 Rg1+ 64. Kf4 Rf1+ 65.
Kg3 Rf7 66. Kg2 Rg7+ 67. Kh3 Re7 68. Kg2 Ke1 69. Kf3 e2 70. Rb8 Rxa7 71. Rb1+
Kd2 72. Rb2+ Kd3 73. Rb3+ Kc2 74. Re3 Kd1 75. Rb3 Rf7+ 76. Kg2 e1=Q 0-1

[Event "Memorial Romana Baka OPEN FIDE"]
[Site "Starochorzowski Dom Kultury"]
[Date "2013.09.29"]
[Round "4.6"]
[White "Widera, Jan"]
[Black "Rosicki, Marcin"]
[Result "1/2-1/2"]
[WhiteElo "1989"]
[BlackElo "1724"]
[PlyCount "108"]
[EventDate "2013.??.??"]

1. c4 Nf6 2. Nc3 g6 3. g3 Bg7 4. Bg2 O-O 5. d4 c6 6. e4 d6 7. Nf3 c5 8. d5 b5
9. cxb5 a6 10. bxa6 Bxa6 11. Bf1 Qa5 12. Nd2 Nbd7 13. Bxa6 Rxa6 14. O-O Rb8 15.
f4 Nb6 16. Qe2 Na4 17. Nxa4 Qxa4 18. Rf3 Qd4+ 19. Kg2 Rba8 20. a3 Nd7 21. Rd3
Qa4 22. b3 Qb5 23. Rb1 Nb6 24. a4 Qd7 25. Bb2 Bxb2 26. Rxb2 Qb7 27. Rc2 Qd7 28.
Nc4 Nxc4 29. Rxc4 Rb6 30. e5 Qb7 31. exd6 exd6 32. Qe3 Rb8 33. Rcc3 Rb4 34. f5
Kg7 35. f6+ Kxf6 36. Qh6 Re4 37. Rc2 Re5 38. Rf2+ Ke7 39. Qxh7 Rf8 40. Qh4+ g5
41. Qc4 f5 42. Kf1 Re8 43. Qc1 Kf6 44. h4 Qg7 45. Qxg5+ Qxg5 46. hxg5+ Kxg5 47.
Kg2 Re4 48. a5 Re1 49. Rdd2 Ra8 50. Ra2 Rd1 51. a6 Rxd5 52. Rfe2 Rd3 53. Re6
Rxb3 54. Rxd6 c4 1/2-1/2

[Event "Memorial Romana Baka OPEN FIDE"]
[Site "Starochorzowski Dom Kultury"]
[Date "2013.09.29"]
[Round "4.7"]
[White "Krol, Rafal"]
[Black "Wiecek, Pawel"]
[Result "1/2-1/2"]
[WhiteElo "1771"]
[BlackElo "1957"]
[PlyCount "120"]
[EventDate "2013.??.??"]

1. Nf3 d5 2. g3 c5 3. Bg2 Nc6 4. O-O Nf6 5. d3 g6 6. Nbd2 Bg7 7. e4 O-O 8. c3
e5 9. Qc2 b6 10. Re1 Bb7 11. Nb3 Qc7 12. Bg5 Ne7 13. Bxf6 Bxf6 14. Rad1 Rac8
15. Bh3 Rcd8 16. Nbd2 Bg7 17. Nf1 f5 18. Ng5 Bc8 19. exd5 Nxd5 20. Bg2 h6 21.
Qb3 hxg5 22. Bxd5+ Kh7 23. Bg2 Qf7 24. Rd2 Qxb3 25. axb3 Be6 26. c4 f4 27. Be4
Bg4 28. Kg2 Bf6 29. Bd5 Kg7 30. f3 Bc8 31. g4 b5 32. Ra1 a6 33. Bc6 Rd6 34.
cxb5 Rfd8 35. Be4 axb5 36. Rc2 Be6 37. Rxc5 Bxb3 38. Ra7+ R6d7 39. Rcc7 Be6 40.
Bc6 Rxc7 41. Rxc7+ Kf8 42. Be4 Bf7 43. Kf2 Be7 44. Ke2 Bd6 45. Ra7 Bc5 46. Ra8
Rxa8 47. Bxa8 Bd4 48. Kd2 Bxb2 49. Kc2 Bd4 50. Nd2 b4 51. Bc6 Ke7 52. Ne4 b3+
53. Kb1 Bg8 54. Ba4 Bd5 55. Nd2 b2 56. Bd1 Kd7 57. Nc4 Kc6 58. Nxb2 Kc5 59. Nc4
Bc6 60. Kc2 Ba4+ 1/2-1/2

[Event "Memorial Romana Baka OPEN FIDE"]
[Site "Starochorzowski Dom Kultury"]
[Date "2013.09.29"]
[Round "4.8"]
[White "Zylka, Stanislaw"]
[Black "Szczecina, Kamil"]
[Result "1-0"]
[WhiteElo "1712"]
[BlackElo "1894"]
[PlyCount "61"]
[EventDate "2013.??.??"]

1. e4 c5 2. Nf3 d6 3. d4 cxd4 4. Nxd4 Nf6 5. Nc3 a6 6. Bc4 e6 7. Bb3 Be7 8. g4
Nc6 9. g5 Nxd4 10. Qxd4 Nh5 11. Rg1 O-O 12. Be3 b5 13. O-O-O Qc7 14. f4 Rb8 15.
Rdf1 a5 16. a3 b4 17. axb4 Rxb4 18. Qd1 g6 19. f5 Bd7 20. fxe6 fxe6 21. Rxf8+
Bxf8 22. Bd4 Bg7 23. Bxg7 Nxg7 24. Rf1 Qc5 25. Kb1 a4 26. Qf3 Nf5 27. exf5 gxf5
28. Qa8+ Kg7 29. Qd8 axb3 30. Qxd7+ Kf8 31. Qd8+ 1-0

[Event "Memorial Romana Baka OPEN FIDE"]
[Site "Starochorzowski Dom Kultury"]
[Date "2013.09.29"]
[Round "4.9"]
[White "Mucha, Piotr"]
[Black "Klementys, Jerzy"]
[Result "1-0"]
[WhiteElo "1976"]
[BlackElo "1766"]
[PlyCount "75"]
[EventDate "2013.??.??"]

1. e4 c5 2. Nf3 d6 3. d4 cxd4 4. Nxd4 Nf6 5. Nc3 a6 6. Bg5 e6 7. f4 Be7 8. Qf3
Nbd7 9. O-O-O Qc7 10. g4 b5 11. Bxf6 Nxf6 12. g5 Nd7 13. f5 Bxg5+ 14. Kb1 Ne5
15. Qh5 Qd8 16. Nxe6 Bxe6 17. fxe6 O-O 18. Rg1 Bf6 19. exf7+ Kh8 20. Be2 g6 21.
Qh6 Rxf7 22. Qd2 Rd7 23. Nd5 Bg7 24. Bg4 Nc4 25. Qf4 Nxb2 26. Bxd7 Nxd1 27.
Rxd1 Qxd7 28. Nb6 Qc6 29. Nxa8 Qc3 30. e5 h5 31. Qd4 Qf3 32. Qxd6 Qxa8 33. Qd8+
Qxd8 34. Rxd8+ Kh7 35. e6 Bf6 36. Rf8 Bg5 37. e7 Bxe7 38. Rf7+ 1-0

[Event "Memorial Romana Baka OPEN FIDE"]
[Site "Starochorzowski Dom Kultury"]
[Date "2013.09.29"]
[Round "4.10"]
[White "Faron, Rafal"]
[Black "Stemplewski, Kamil"]
[Result "1-0"]
[WhiteElo "2021"]
[BlackElo "1505"]
[PlyCount "157"]
[EventDate "2013.??.??"]

1. d4 d5 2. c4 e6 3. Nc3 Nf6 4. Nf3 c6 5. e3 Nbd7 6. Qc2 Bd6 7. Bd3 dxc4 8.
Bxc4 b5 9. Bd3 Bb7 10. O-O Qb6 11. a3 O-O 12. b4 a5 13. Rb1 axb4 14. axb4 g6
15. Bd2 Qc7 16. Rfc1 e5 17. Ne4 Nxe4 18. Bxe4 Rac8 19. dxe5 Nxe5 20. Nxe5 Bxe5
21. Bf3 Bd6 22. Qb2 c5 23. Bxb7 Qxb7 24. bxc5 Rxc5 25. Rxc5 Bxc5 26. Qxb5 Qxb5
27. Rxb5 Rd8 28. Rxc5 Rxd2 29. g3 Ra2 30. Kg2 Kg7 31. h4 h5 32. Kf3 f5 33. Rc6
Ra4 34. Rd6 Rb4 35. Rd4 Rb2 36. Rd6 Rb4 37. Rd2 Ra4 38. Rb2 Rc4 39. Ke2 Ra4 40.
Rd2 Ra3 41. Kf3 Ra4 42. Rd4 Ra2 43. e4 fxe4+ 44. Rxe4 Ra5 45. Kf4 Rf5+ 46. Ke3
Rd5 47. f3 Rf5 48. Rd4 Re5+ 49. Kf4 Ra5 50. Ke4 Ra1 51. Ke5 Re1+ 52. Kf4 Re2
53. g4 hxg4 54. fxg4 Re7 55. g5 Ra7 56. Ke5 Ra5+ 57. Ke6 Ra6+ 58. Rd6 Ra4 59.
Rd7+ Kg8 60. Kf6 Ra6+ 61. Ke5 Ra5+ 62. Rd5 Ra4 63. Ke6 Ra6+ 64. Rd6 Ra4 65. Kf6
Rxh4 66. Kxg6 Kf8 67. Rf6+ Kg8 68. Rc6 Kf8 69. Rc8+ Ke7 70. Kg7 Rh1 71. g6 Rg1
72. Rc3 Re1 73. Rf3 Re2 74. Kh7 Rh2+ 75. Kg8 Rg2 76. g7 Rh2 77. Re3+ Kf6 78.
Kf8 Ra2 79. Rf3+ 1-0

[Event "Memorial Romana Baka OPEN FIDE"]
[Site "Starochorzowski Dom Kultury"]
[Date "2013.09.29"]
[Round "4.11"]
[White "Korcz, Daniel"]
[Black "Stepaniec, Lukasz"]
[Result "1/2-1/2"]
[WhiteElo "1795"]
[BlackElo "1857"]
[PlyCount "47"]
[EventDate "2013.??.??"]

1. e4 c6 2. d4 d5 3. Nc3 dxe4 4. Nxe4 Bf5 5. Ng3 Bg6 6. h4 h6 7. h5 Bh7 8. Nf3
Nf6 9. Bd3 Bxd3 10. Qxd3 e6 11. Bd2 Be7 12. O-O-O Na6 13. Ne4 Nxe4 14. Qxe4 Qd5
15. Qxd5 cxd5 16. c3 Rc8 17. Kb1 b5 18. a3 Nb8 19. Ne5 Nc6 20. Nxc6 Rxc6 21.
Bf4 Bd6 22. Bxd6 Rxd6 23. Kc2 Ke7 24. Kd3 1/2-1/2

[Event "Memorial Romana Baka OPEN FIDE"]
[Site "Starochorzowski Dom Kultury"]
[Date "2013.09.29"]
[Round "4.12"]
[White "Lis, Mateusz"]
[Black "Bilczewski, Kacper"]
[Result "1-0"]
[WhiteElo "1765"]
[BlackElo "1781"]
[PlyCount "129"]
[EventDate "2013.??.??"]

1. e4 e5 2. Nf3 Nc6 3. Bb5 Bc5 4. Bxc6 dxc6 5. O-O Qd6 6. d3 Nf6 7. Be3 O-O 8.
Nbd2 b5 9. h3 Nh5 10. Bxc5 Qxc5 11. Nb3 Qe7 12. d4 exd4 13. Nfxd4 Nf4 14. Qf3
Qg5 15. Qg3 Qf6 16. Rfe1 Re8 17. Rad1 h6 18. Nf5 Bxf5 19. Qxf4 Be6 20. Qxf6
gxf6 21. Nd4 Rad8 22. Nxc6 Rxd1 23. Rxd1 a6 24. b3 f5 25. e5 f4 26. c3 h5 27.
Kh2 Bf5 28. Re1 Bd7 29. Nb4 Bf5 30. Nd5 Kg7 31. Nxf4 Kh6 32. Nd5 Rd8 33. Ne3
Be6 34. Re2 Rd3 35. c4 bxc4 36. bxc4 Rc3 37. f4 Bxc4 38. Nxc4 Rxc4 39. f5 Kg7
40. Kg3 c5 41. Kf3 Rd4 42. Rc2 Rd5 43. Kf4 Kf8 44. f6 Ke8 45. Kf5 Kd7 46. g4
hxg4 47. hxg4 Kc6 48. g5 Rd1 49. Rf2 Kd5 50. g6 fxg6+ 51. Kxg6 Kxe5 52. Rf5+
Ke6 53. f7 Rg1+ 54. Kh5 Rh1+ 55. Kg4 Rg1+ 56. Kh3 Kxf5 57. f8=Q+ Ke6 58. Qxc5
Rg6 59. Kh4 Kf7 60. Kh5 Re6 61. Kg5 Ke8 62. Qc8+ Ke7 63. Qc7+ Ke8 64. Kf5 Re7
65. Qc8+ 1-0

[Event "Memorial Romana Baka OPEN FIDE"]
[Site "Starochorzowski Dom Kultury"]
[Date "2013.09.29"]
[Round "4.13"]
[White "Jacel, Lukasz"]
[Black "Mandla, Maciej"]
[Result "1-0"]
[WhiteElo "1917"]
[BlackElo "1673"]
[PlyCount "59"]
[EventDate "2013.??.??"]

1. e4 e5 2. Nf3 Nc6 3. Nc3 Nf6 4. Bb5 Bb4 5. O-O O-O 6. d3 d6 7. Bg5 Bxc3 8.
bxc3 Qe7 9. Re1 Nd8 10. d4 Ne6 11. Bc1 Rd8 12. Bf1 Nf4 13. Bxf4 exf4 14. e5 Ne8
15. Qd2 g5 16. exd6 Qf6 17. dxc7 Nxc7 18. Ne5 Bf5 19. Bd3 Bxd3 20. Qxd3 Rac8
21. Ng4 Qg7 22. Re7 Nd5 23. Rxb7 Rxc3 24. Qf5 Nc7 25. Nf6+ Kh8 26. Rab1 Ne6 27.
d5 Rc7 28. Rb8 Rf8 29. Rxf8+ Nxf8 30. Rb8 1-0

[Event "Memorial Romana Baka OPEN FIDE"]
[Site "Starochorzowski Dom Kultury"]
[Date "2013.09.29"]
[Round "4.15"]
[White "Jopek, Krzysztof"]
[Black "Grabarczyk, Sylwester"]
[Result "1-0"]
[WhiteElo "1899"]
[BlackElo "1666"]
[PlyCount "111"]
[EventDate "2013.??.??"]

1. d4 Nf6 2. c4 e5 3. dxe5 Ng4 4. Bf4 Nc6 5. Nf3 Bb4+ 6. Nbd2 Qe7 7. e3 Ngxe5
8. Nxe5 Nxe5 9. a3 Bxd2+ 10. Qxd2 O-O 11. Rc1 d6 12. Be2 Bd7 13. c5 Bc6 14.
cxd6 cxd6 15. O-O Rfd8 16. Rfd1 Ba4 17. Rf1 Bc6 18. Qb4 Qf6 19. Rfd1 a5 20. Qd4
a4 21. Rd2 Qg6 22. Bg3 Ra5 23. Rcd1 Rd7 24. Qb4 Rc5 25. Rxd6 Rxd6 26. Qxc5 Qe4
27. f3 Rxd1+ 28. Bxd1 Qd3 29. Qd4 Qxd4 30. exd4 Nc4 31. Be2 Nxb2 32. Be1 Bd5
33. Bb4 Nc4 34. Kf2 f6 35. Bd1 b5 36. Bc2 Nb2 37. Ke3 Kf7 38. Kd2 g6 39. Be4
Ke6 40. Bc5 f5 41. Bc2 Ba2 42. Ke3 Kd5 43. Kf4 Nc4 44. Bd3 Kc6 45. Kg5 Na5 46.
Kh6 Nb3 47. Kxh7 Nxc5 48. dxc5 Bc4 49. Bc2 Kxc5 50. Kxg6 Bb3 51. Bxf5 b4 52.
axb4+ Kxb4 53. h4 Kc3 54. h5 a3 55. h6 a2 56. h7 1-0

[Event "Memorial Romana Baka OPEN FIDE"]
[Site "Starochorzowski Dom Kultury"]
[Date "2013.09.29"]
[Round "4.16"]
[White "Ochowicz, Jakub"]
[Black "Gromada, Andrzej"]
[Result "1-0"]
[WhiteElo "1619"]
[BlackElo "1874"]
[PlyCount "99"]
[EventDate "2013.??.??"]

1. e4 c5 2. Nf3 d6 3. d4 cxd4 4. Nxd4 Nf6 5. Nc3 a6 6. a4 Nc6 7. Be2 e6 8. Be3
Be7 9. O-O O-O 10. f4 Qc7 11. Kh1 Re8 12. Bd3 Nb4 13. Nb3 b6 14. Qf3 Bb7 15.
Qg3 d5 16. e5 Ne4 17. Bxe4 dxe4 18. Rac1 Rab8 19. Qf2 Ba8 20. Nd2 Qc6 21. Ndxe4
Rec8 22. Qg3 Kh8 23. Qg4 Qc4 24. Nd2 Qc7 25. Nf3 Qc4 26. Kg1 Nd5 27. Bd2 Nxc3
28. Bxc3 Qxa4 29. Ng5 Bxg5 30. Qxg5 Qe4 31. Rf3 h6 32. Qg3 Qf5 33. Rf2 Rd8 34.
Qh4 Rd7 35. Re1 Rc8 36. g4 Qg6 37. Kf1 Rc4 38. f5 exf5 39. gxf5 Qc6 40. Qg3 h5
41. e6 fxe6 42. Rxe6 Rd1+ 43. Be1 Qb5 44. Ree2 Rd8 45. Qg5 Rcd4 46. Qxh5+ Kg8
47. Qg6 R4d6 48. f6 R6d7 49. f7+ Kf8 50. Bb4+ 1-0

[Event "Memorial Romana Baka OPEN FIDE"]
[Site "Starochorzowski Dom Kultury"]
[Date "2013.09.29"]
[Round "4.17"]
[White "Sobek, Piotr"]
[Black "Mucha, Marek"]
[Result "0-1"]
[WhiteElo "1840"]
[BlackElo "1546"]
[PlyCount "64"]
[EventDate "2013.??.??"]

1. e4 g6 2. d4 Bg7 3. Nf3 d6 4. Bc4 c6 5. Bf4 Nf6 6. Nbd2 Bg4 7. e5 Nd5 8. exd6
Nxf4 9. Bxf7+ Kf8 10. O-O exd6 11. Ne4 d5 12. Nc5 Qe7 13. Be6 Bxe6 14. Re1 b6
15. Nxe6+ Nxe6 16. Qe2 h6 17. Nh4 Qxh4 18. Qxe6 Qd8 19. Re3 Nd7 20. Qxg6 Nf6
21. Rae1 Kg8 22. Re7 Qf8 23. R1e6 h5 24. Rc7 Rh6 25. Qf5 Ne4 26. Qxf8+ Rxf8 27.
Rxh6 Bxh6 28. f3 Be3+ 29. Kf1 Bxd4 30. c3 Be5 31. Rxc6 Bxh2 32. Ke2 Nf6 0-1

[Event "Memorial Romana Baka OPEN FIDE"]
[Site "Starochorzowski Dom Kultury"]
[Date "2013.09.29"]
[Round "4.18"]
[White "Grzesiek, Wiktoria"]
[Black "Kostowski, Andrzej"]
[Result "0-1"]
[WhiteElo "1434"]
[BlackElo "1684"]
[PlyCount "98"]
[EventDate "2013.??.??"]

1. e4 c5 2. Nf3 Nc6 3. d4 cxd4 4. Nxd4 a6 5. Nc3 e6 6. Bc4 Bb4 7. O-O Bd6 8.
Be3 Be7 9. f4 Nf6 10. e5 Ng8 11. Qg4 g6 12. Rad1 Qb6 13. Bb3 Qa7 14. Kh1 Qb8
15. Qf3 Na5 16. Rd2 Nxb3 17. Nxb3 b6 18. Bxb6 Bb7 19. Qe3 Nh6 20. Bc5 Nf5 21.
Qd3 Qc8 22. Na4 Qc6 23. Bxe7 Nxe7 24. Nac5 Bc8 25. Rfd1 Ra7 26. Qd6 Qxd6 27.
Rxd6 Nd5 28. g3 Ke7 29. c4 Ne3 30. Rc1 Nf5 31. Rd2 Rc7 32. Kg2 h5 33. Kf3 Rd8
34. Rcd1 a5 35. Rc1 a4 36. Nxa4 Bb7+ 37. Ke2 Ra8 38. Nbc5 Bc6 39. b3 Ra5 40.
Rcd1 Ke8 41. Kd3 Bf3 42. Rf1 Ba8 43. Ne4 Ke7 44. Nec5 Bc6 45. Rfd1 Bf3 46. Re1
Bc6 47. Kc2 Rb7 48. Kb2 Bxa4 49. Nxa4 Rxa4 0-1

[Event "Memorial Romana Baka OPEN FIDE"]
[Site "Starochorzowski Dom Kultury"]
[Date "2013.09.29"]
[Round "4.19"]
[White "Domanski, Lukasz"]
[Black "Lendla, Janusz"]
[Result "1/2-1/2"]
[WhiteElo "1587"]
[BlackElo "1698"]
[PlyCount "119"]
[EventDate "2013.??.??"]

1. e4 c5 2. Nf3 e6 3. c3 a6 4. d4 b6 5. d5 d6 6. c4 g6 7. Bd3 Bg7 8. O-O e5 9.
Nc3 Nf6 10. Bg5 h6 11. Bh4 g5 12. Bg3 Bg4 13. h3 Bh5 14. Qe2 Nbd7 15. Qe3 Bg6
16. a3 Nh5 17. Bh2 Ndf6 18. b4 Qd7 19. bxc5 bxc5 20. Rab1 O-O 21. Bc2 Nf4 22.
Nd2 Qd8 23. Rb3 Qc7 24. Rfb1 Rab8 25. Kf1 Rxb3 26. Nxb3 Rb8 27. Ne2 Nd7 28. Nc3
Nb6 29. Nd2 Nc8 30. Na4 Rxb1+ 31. Nxb1 Ne7 32. Qb3 f5 33. Nd2 Nh5 34. Qb1 f4
35. Qb6 Qxb6 36. Nxb6 Nf6 37. a4 Be8 38. a5 Bd7 39. f3 Kf8 40. Bg1 Ke8 41. Nb3
Nc8 42. Nxd7 Kxd7 43. Ke2 h5 44. Kd3 Bf8 45. Nc1 Be7 46. Ba4+ Kc7 47. Na2 Bd8
48. Nc1 Kb8 49. Nb3 Bc7 50. Bc6 Ne7 51. Ba4 Ng6 52. Bf2 g4 53. hxg4 hxg4 54.
Be1 g3 55. Ke2 Nh4 56. Kf1 Nh7 57. Bc3 Ng5 58. Nd2 Nf7 59. Nb3 Nd8 60. Kg1
1/2-1/2

[Event "Memorial Romana Baka OPEN FIDE"]
[Site "Starochorzowski Dom Kultury"]
[Date "2013.09.29"]
[Round "4.20"]
[White "Kotula, Magdalena"]
[Black "Nowakowski, Jan"]
[Result "0-1"]
[WhiteElo "1563"]
[BlackElo "1675"]
[PlyCount "92"]
[EventDate "2013.??.??"]

1. e4 e5 2. Nf3 Nc6 3. Bb5 a6 4. Ba4 Nf6 5. d4 b5 6. Bb3 Nxd4 7. Bxf7+ Kxf7 8.
Nxe5+ Ke8 9. Qxd4 c5 10. Qd3 Bb7 11. Nc3 Qe7 12. Bf4 d6 13. Nf3 Bxe4 14. Nxe4
Qxe4+ 15. Qxe4+ Nxe4 16. O-O Kf7 17. Rfe1 d5 18. Ne5+ Kg8 19. Ng4 h5 20. Ne5 g5
21. Be3 Bd6 22. f3 Bxe5 23. fxe4 Bxb2 24. Rab1 Bc3 25. Re2 d4 26. Bxg5 Re8 27.
e5 Re6 28. Rf1 c4 29. Ref2 Bb4 30. Rf3 Rh7 31. Bf6 Bc5 32. Rg3+ Kf7 33. Kh1 Ke8
34. Rg8+ Kd7 35. Rf3 Kc6 36. Rfg3 Rf7 37. h4 Be7 38. Ra8 Kb7 39. Rgg8 Bxf6 40.
Rgb8+ Kc7 41. Rc8+ Kb6 42. exf6 Rfxf6 43. Rd8 Rd6 44. Rdb8+ Ka5 45. Re8 Kb4 46.
Re2 Ka3 0-1

[Event "Memorial Romana Baka OPEN FIDE"]
[Site "Starochorzowski Dom Kultury"]
[Date "2013.09.30"]
[Round "5.1"]
[White "Zawierucha, Aleksander"]
[Black "Kuciel, Wladyslaw"]
[Result "0-1"]
[WhiteElo "2008"]
[BlackElo "1970"]
[PlyCount "72"]
[EventDate "2013.??.??"]

1. d4 Nf6 2. c4 e6 3. Nc3 Bb4 4. e3 b6 5. Bd3 Bb7 6. Nf3 c5 7. O-O O-O 8. Bd2
cxd4 9. exd4 d5 10. cxd5 Bxc3 11. bxc3 Qxd5 12. Re1 Nbd7 13. c4 Qd6 14. Be3
Rfd8 15. h3 e5 16. dxe5 Nxe5 17. Nxe5 Qxe5 18. Qc2 Rac8 19. Bxb6 Qg5 20. f4
Qxf4 21. Bxd8 Rxd8 22. Rad1 Qg5 23. Bxh7+ Nxh7 24. Rxd8+ Qxd8 25. Qa4 Qd4+ 26.
Kh1 Nf6 27. Qb3 Qd2 28. Rg1 Qd7 29. Rd1 Qc6 30. Rd8+ Kh7 31. Qd3+ g6 32. Qg3
Qxc4 33. Rd1 Qxa2 34. Qg5 Qf2 35. Rc1 Ne4 36. Qg4 Ng3+ 0-1

[Event "Memorial Romana Baka OPEN FIDE"]
[Site "Starochorzowski Dom Kultury"]
[Date "2013.09.30"]
[Round "5.2"]
[White "Morkisz, Bogdan"]
[Black "Stachanczyk, Jacek"]
[Result "0-1"]
[WhiteElo "2134"]
[BlackElo "2227"]
[PlyCount "74"]
[EventDate "2013.??.??"]

1. Nf3 g6 2. g3 Bg7 3. Bg2 e5 4. d3 Nc6 5. e4 Nge7 6. Nc3 O-O 7. Be3 Nd4 8. Ne2
Nxe2 9. Qxe2 d5 10. O-O d4 11. Bd2 c5 12. Nh4 Nc6 13. Be1 Bf6 14. Nf3 b5 15. a4
bxa4 16. Rxa4 a5 17. Nd2 Nb4 18. Nc4 Bd7 19. Ra3 Bb5 20. f4 Bxc4 21. dxc4 Qd7
22. f5 Bg5 23. h4 Bc1 24. f6 d3 25. cxd3 Qd4+ 26. Bf2 Qxb2 27. Qxb2 Bxb2 28.
Rb3 Bd4 29. Bxd4 cxd4 30. g4 h6 31. Bh3 Rfb8 32. Rfb1 Kf8 33. g5 hxg5 34. hxg5
Ke8 35. Kf2 Kd8 36. Bg4 Nxd3+ 37. Ke2 Rxb3 0-1

[Event "Memorial Romana Baka OPEN FIDE"]
[Site "Starochorzowski Dom Kultury"]
[Date "2013.10.01"]
[Round "6.8"]
[White "Rak, Dariusz"]
[Black "Mucha, Piotr"]
[Result "1/2-1/2"]
[WhiteElo "1885"]
[BlackElo "1976"]
[PlyCount "67"]
[EventDate "2013.??.??"]

1. d4 Nf6 2. c4 g6 3. Nc3 Bg7 4. g3 O-O 5. Nf3 d6 6. Bg2 Nc6 7. O-O a6 8. d5
Na5 9. Nd2 c5 10. a3 Ng4 11. Qc2 Ne5 12. b3 b5 13. cxb5 axb5 14. b4 Nac4 15.
Nxc4 Nxc4 16. Rb1 cxb4 17. Rxb4 Nxa3 18. Bxa3 Rxa3 19. Nxb5 Ra5 20. Nd4 Rc5 21.
Qd3 Qc7 22. Rfb1 Rc1+ 23. Rxc1 Qxc1+ 24. Bf1 Bd7 25. Rc4 Qa1 26. Nc6 Bf6 27.
Qe3 Re8 28. Rc1 Qb2 29. Rc4 Qb5 30. Qd3 Ra8 31. e4 Ra1 32. Kg2 Kg7 33. h4 h5
34. Rb4 1/2-1/2